| 000 | 00699cab a2200217 4500 | ||
|---|---|---|---|
| 001 | WB3519-08 | ||
| 008 | 090401t1999 xxu||||| |||| 00| 0 eng d | ||
| 035 | _a(Sirsi) u93373 | ||
| 041 | _aeng | ||
| 245 | _aIkea to build £7,500 homes | ||
| 260 | _c1999 | ||
| 350 | _a0 | ||
| 490 |
_aIndependent _v18 May 1999, 10(1) |
||
| 520 | _aIkea are considering moving into the British housebuilding market by supplying prefabricated housing units which could cost as little as £7,500 and take only three weeks to assemble. | ||
| 650 | _aHOUSE BUILDING | ||
| 650 | _aIKEA | ||
| 650 | _aPREFABRICATED HOUSES | ||
| 690 | _aBUILT ENVIRONMENT-BUILDING MATERIALS | ||
| 942 | _n0 | ||
| 948 | _c18/05/1999 | ||
| 999 |
_c59177 _d59177 |
||